000 01832cam a2200169 4500500
005 20251228091043.0
041 _afre
042 _adc
100 1 0 _aHuysecom-Haxhi, Stéphanie
_eauthor
245 0 0 _aIoanna Patera, Offrir en Grèce ancienne. Gestes et contextes, Alte Geschichte. Potsdamer Altertumswissenschaftliche Beiträge, 41, Stuttgart, Franz Steiner Verlag, 2012, 292 pages, 22 figures
260 _c2016.
500 _a81
520 _aDans la Lettre à Anébon, Porphyre attache une importance particulière à la question de savoir si les prières peuvent persuader (πείθειν) les dieux et exercer une contrainte (ἀνάγκη) sur eux, en influençant ainsi leurs décisions. L’article met en évidence son arrière-plan platonicien et le rôle de Plotin dans sa fortune néoplatonicienne. Il étudie également la réaction critique de Jamblique à cette question, dans sa Réponse à Porphyre ( De mysteriis), en examinant son fondement doctrinal, ainsi que ses affinités avec la perspective stoïcienne sur la prière.
520 _aIn the Letter to Anebo, Porphyry attaches particular importance to determining whether prayers can persuade (πείθειν) gods and coerce (ἀνάγκη) on them, thus influencing their decisions. The article highlights the Platonic background of this very question and Plotinus’ role in its Neoplatonic reception. It also examines Iamblichus’ critical reaction to the same question in De mysteriis, examining its doctrinal basis and its affinities with the Stoic perspective on prayer.
786 0 _nRevue de philologie, de littérature et d'histoire anciennes | LXXXVIII | 2 | 2016-11-14 | p. 177k-198k | 0035-1652
856 4 1 _uhttps://shs.cairn.info/revue-de-philologie-litterature-et-histoire-anciennes-2014-2-page-177k?lang=fr&redirect-ssocas=7080
999 _c1603009
_d1603009